| 000 | 00701nam a2200265Ia 4500 | ||
|---|---|---|---|
| 001 | 8389 | ||
| 005 | 20240113234108.0 | ||
| 007 | ta | ||
| 008 | 050719s1990 a g b000 u eng u | ||
| 020 | _a0-86131-453-0 | ||
| 040 | _aCotton College Assam | ||
| 041 | _aeng | ||
| 082 |
_a934 _bTh 32 An |
||
| 100 | _aThapar, Romila . | ||
| 245 | 0 |
_aAncient Indian Social History / _cRomila Thapar. _hTextual Documents |
|
| 260 |
_aDelhi : _bOrient Longman , _c1990. |
||
| 300 |
_ax, 396p. : _bill. ; _c22cm . |
||
| 504 | _aIndex | ||
| 653 | _aHistory, Ancient India | ||
| 653 | _aHistory, India | ||
| 653 | _aSocial History | ||
| 942 |
_2ddc _cBK |
||
| 999 |
_c8376 _d8376 |
||